Translate to Russian - Outer Space - Statistics

General Stats
  • This quiz has been taken 5 times
  • The average score is 24 of 50
Answer Stats
Hint Answer % Correct
Space Космос
100%
World Мир
100%
Star Звезда
80%
Planet Планета
80%
Sun Солнце
80%
Uranus Уран
80%
Neptune Нептун
80%
Galaxy Галактика
60%
Meteorite Метеорит
60%
Comet Комета
60%
Asteroid Астероид
60%
Orbit Орбита
60%
Atmosphere Атмосфера
60%
Earth Земля
60%
Moon Луна
60%
Mars Марс
60%
Jupiter Юпитер
60%
Saturn Сатурн
60%
Rocket Ракета
60%
Outter space Космическое пространство
40%
Universe Вселенная
40%
Constellation Созвездие
40%
Satellite Спутник
40%
To revolve Вращаться
40%
Solar system Солнечная система
40%
Eclipse Затмение
40%
Venus Венера
40%
Mercury Меркурий
40%
Pluto Плутон
40%
Great Bear Большая Медведица
40%
Marsian Марсианин
40%
Flying saucer Летающая тарелка
40%
UFO НЛО
40%
Engine Двигатель
40%
Nozzle Сопло
40%
Fuel Топливо
40%
Cockpit Кабина
40%
Antenna Антенна
40%
Spacesuit Скафандр
40%
Oxygen Кислород
40%
Telescope Телескоп
40%
To observe Наблюдать
40%
To explore Исследовать
40%
Black hole Черная дыра
40%
Mission Миссия
40%
North Star Полярная Звезда
20%
Alien Пришелец
20%
Space conquest Завоевание космоса
20%
Space colonization Колонизация космоса
20%
Milky Way Млеччый Путь
0%
No matching quizzes found
Score Distribution
Percent of People with Each Score
Percentile by Number Answered
Your Score History
You have not taken this quiz